| 000 | 00543nam a2200205Ia 4500 | ||
|---|---|---|---|
| 003 | BUBTL | ||
| 008 | 151213s9999 xx 000 0 und d | ||
| 082 | _a330.5492/AHB | ||
| 100 |
_aAhad, Md .Abdul _93768 |
||
| 245 |
_aBangladesh Economy _cMd .Abdul Ahad |
||
| 250 | _a9th | ||
| 260 |
_aChittagong _bAbedin _cc1975 |
||
| 300 |
_a504p . : _bill . 20cm. |
||
| 650 |
_aEconomics _93769 |
||
| 650 |
_aEconomics _93769 |
||
| 700 |
_aMd .Abdul Ahad _93770 |
||
| 856 |
_k0 _l0 _yDownload |
||
| 942 |
_2ddc _cBK |
||
| 999 |
_c1203 _d1203 |
||